000 00384nam a2200157Ia 4500
008 200103s9999||||xx |||||||||||||| ||und||
020 _a9780851745398
040 _aIMU-MPC
082 _aColumn-14
100 _aCoolen, Edward
245 0 _aNicholls's Concise Guide Vol. 1
250 _a10th Ed.
260 _bThe nautical Institute
_c1987
300 _axxxxiv, 1013
942 _cBK
999 _c5539
_d5539